00407nam a2200109Ia 4500008004100000041000800041082001400049100001800063245015200081260004500233300001900278241028s9999 xx 000 0 und d aeng a005.1 AKK aAkkaya Bulent aAgile Management And Vuca-Rr: Opportunites & Threats In Industry 4.0 Towards Society 5.0 Opportunites & Threats In Industry 4.0 Towards Society 5.0 bEmerald PublishingaUnited Kingdomc2022 a232;. P. 23 cm